000 01272nam a2200349 a 4500
999 _c81669
_d81669
003 BLK
005 20250122135813.0
008 180408b bul|||||r ||||||| ||bul||
010 _aKNG00086178000
040 _aBLK
041 _aBUL
_cBUL
080 _aХорове
_b78.087.68
_x(497.215)(091)
_z78.087.68(497.215)(091)
100 1 _aАйдемирски, Аспарух Янакиев
_eпърви автор
_929745
139 _aАйдемирски, Аспарух Янакиев
_bА 37
245 1 0 _aДесетгодишнина на Добруджански хор гр. Русе
_b1919 - 1929
_cАспарух Янакиев Айдемирски
257 _aBGR
260 _aРусе
_bДобрудж. хор
_c1930
_fСофия : С. М. Стайков
300 _a21 с.
_bс ил.
_c23 см
380 _a7
500 _aАвт. посочен на 3 с.
650 4 _aХорове, български - история
_9250916
651 4 _aРусе
_9179462
653 _aхорове
653 _aистория
659 _aК
852 _aЦб 7439
856 4 _qpdf
856 4 _qpdf
942 _cKNG
_n0
_s1
_01
944 _aCR
_c04.11.2008
_lВаля Йорданова
_k30558
944 _aED
_c2021-11-02
_l2021-11-02
_kК.Д.